LEADER 03111nam 2200601 a 450 001 9910458502603321 005 20200520144314.0 010 $a1-351-16114-8 010 $a1-281-10388-8 010 $a9786611103880 010 $a0-7546-8459-8 035 $a(CKB)1000000000398414 035 $a(EBL)429736 035 $a(OCoLC)476278045 035 $a(SSID)ssj0000129834 035 $a(PQKBManifestationID)11144905 035 $a(PQKBTitleCode)TC0000129834 035 $a(PQKBWorkID)10080208 035 $a(PQKB)10406744 035 $a(MiAaPQ)EBC429736 035 $a(Au-PeEL)EBL429736 035 $a(CaPaEBR)ebr10211328 035 $a(CaONFJC)MIL110388 035 $a(EXLCZ)991000000000398414 100 $a20060728d2007 uy 0 101 0 $aeng 135 $aur|n|---||||| 181 $ctxt 182 $cc 183 $acr 200 00$aContentious issues of security and the future of Turkey$b[electronic resource] /$fedited by Nursin Atesoglu Guney 210 $aAldershot, England ;$aBurlington, VT $cAshgate$dc2007 215 $a1 online resource (216 p.) 300 $aDescription based upon print version of record. 311 $a0-7546-4931-8 320 $aIncludes bibliographical references and index. 327 $aCover; Contents; List of Tables and Appendices; Notes on Contributors; Preface; List of Abbreviations; Introduction; 1 A Tale of Two Centuries: Continuities in Turkish Foreign and Security Policy; 2 Transatlantic Relations and Turkey; 3 Turkey's Potential (and Controversial) Contribution to the Global 'Actorness' of the EU; 4 A Retrospective Analysis of Turkey-United States Relations in the Wake of the US War in Iraq in March 2003; 5 The 'Iraq Factor' in Turkey, EU and US Triangle since 9/11; 6 The Limits of Change: Turkey, Iran, Syria 327 $a7 The New Power Calculations and 'Structured' Relations in the Fluctuating Security Environment of Eurasia8 Turkey and the Greater Black Sea Region; 9 Twenty First Century Energy Security Debates: Opportunities and Constraints for Turkey; 10 Mediterranean Fault Line - The Future of Greece and Turkey; 11 Cycles of Transformation of the Cyprus Question; 12 The New Security Environment and Turkey's ISAF Experience; Conclusion; Index 330 $aThis comprehensive study focuses on the future of Turkish foreign and security policies within the emerging strategies of the two Wests. It examines Turkish foreign policy in the context of trans-Atlantic relations - as a global actor, and with respect to conflict, new power relations, energy security, Greece, Cyprus and the environment. 606 $aNational security$zTurkey 607 $aTurkey$xForeign relations$y1980- 607 $aTurkey$xStrategic aspects 608 $aElectronic books. 615 0$aNational security 676 $a327.561 701 $aGu?ney$b Nurs?in Ates?og?lu$0978328 801 0$bMiAaPQ 801 1$bMiAaPQ 801 2$bMiAaPQ 906 $aBOOK 912 $a9910458502603321 996 $aContentious issues of security and the future of Turkey$92229581 997 $aUNINA LEADER 01290nam 22003853 450 001 9910130528503321 005 20091103000000.0 010 $a88-491-3270-0 035 $a(CKB)3400000000019493 035 $a(ItFiC)it 02413828 035 $a(EXLCZ)993400000000019493 100 $a20101102d2009 uy 0 101 0 $aita 200 10$aGrandi proprietà ecclesiastiche nell'Italia nord-occidentale $etra sviluppo e crisi, secoli X-XIV /$fFrancesco Panero 210 $aBologna $cCLUEB$d2009 215 $a268 p. ;$d21 cm 225 0$aBiblioteca di storia agraria medievale ;$v35 300 $aCollection of already publ. writings, now revised. 300 $aF. Panero teaches at the University of Turin. 320 $aIncludes bibliographical references. 517 $aGrandi proprietà ecclesiastiche nell'Italia nord-occidentale : tra sviluppo e crisi, secoli X-XIV 607 $aItaly, Northern$xChurch history 676 $a333 676 $a271 676 $a261 676 $a945 676 $a282 676 $a726 700 $aPanero$b Francesco$f1950-$0166967 801 0$bItFiC 801 1$bItFiC 906 $aBOOK 912 $a9910130528503321 996 $aGrandi proprietà ecclesiastiche nell'Italia nord-occidentale$92434142 997 $aUNINA LEADER 05051oam 2200949 c 450 001 9910315233503321 005 20260302090207.0 010 $a9783839424780 010 $a383942478X 024 7 $a10.14361/transcript.9783839424780 035 $a(CKB)3460000000132732 035 $a(EBL)1914289 035 $a(SSID)ssj0001335924 035 $a(PQKBManifestationID)11874748 035 $a(PQKBTitleCode)TC0001335924 035 $a(PQKBWorkID)11295484 035 $a(PQKB)10865162 035 $a(MiAaPQ)EBC1914289 035 $a(DE-B1597)395462 035 $a(OCoLC)892891794 035 $a(OCoLC)903970160 035 $a(DE-B1597)9783839424780 035 $a(MiAaPQ)EBC6695288 035 $a(Au-PeEL)EBL6695288 035 $a(OCoLC)885022344 035 $a(ScCtBLL)02f4da34-5d29-4ba9-b37e-f79cb291b9cf 035 $a(transcript Verlag)9783839424780 035 $a(oapen)https://directory.doabooks.org/handle/20.500.12854/32470 035 $a(Perlego)1462410 035 $a(oapen)doab32470 035 $a(EXLCZ)993460000000132732 100 $a20260302h20142013 uy 0 101 0 $aeng 135 $aur|n|---||||| 181 $ctxt 182 $cc 183 $acr 200 04$aThe Berlin Reader$eA Compendium on Urban Change and Activism$fMatthias Bernt, Britta Grell, Andrej Holm 205 $a1st ed. 210 $aBielefeld$ctranscript Verlag$d2014 210 $d2014, c2013 215 $a1 online resource (281 p.) 225 0 $aUrban Studies 300 $aDescription based upon print version of record. 311 08$a9783837624786 311 08$a3837624781 320 $aIncludes bibliographical references. 327 $a1 Contents 5 Preface 9 Introduction 11 Berlin Won't Remain Berlin 25 Berlin is Becoming the Capital - Surely and Securely 33 Last Exit to Alexanderplatz 47 Berlin's Urban Development Discourse 53 The Barbarian East 71 Berlin: From Divided to Fragmented City? 77 New Lines of Division in the New Berlin 95 Exploring the Substance and Style of Gentrification: Berlin's "Prenzlberg" 107 City of Talents? 131 The Uneven Development of Berlin's Housing Provision 155 Berlin's Gentrification Mainstream 171 The Berlin Water Company 189 Berlin Diversities 207 "Berlin Does Not Love You" 223 The Sound of Berlin 239 Spree Riverbanks for Everyone! 261 Copyright Information 275 330 $aBy drawing together widely dispersed yet central writings, the Berlin Reader is an essential resource for everyone interested in urban development in one of the most interesting and important metropolises in Europe. It provides scholars as well as students, journalists and visitors with an overview of the most central discussions on the tremendous changes Berlin experienced since the fall of the wall. It covers a wide range of issues, including inner city renewal, housing and the local economy, gentrification and other urban conflicts.The book breaks ground in two dimensions: first, by offering also non-German speakers an insight into the very controversial debates after reunification, and, second, by highlighting the ambivalent consequences of Berlin's urban transformation in the past decades. 330 1 $a»Der ?Berlin Reader? [gibt] als profunde Einführung einen kritischen Überblick über Stadtentwicklung, Debatten und Aktivismus in Berlin seit den 1990er Jahren.« 330 1 $a»Bücher wie das vorliegende helfen uns, städtische Entwicklungen zu begreifen und zu verstehen.« 330 1 $a"As a profound introduction, the 'Berlin Reader' [provides] a critical overview of urban development, its accompanying debates, and activism in Berlin since the 1990s." 410 0$aUrban studies (Bielefeld, Germany) 517 2 $aBernt et al. (eds.), The Berlin-Reader$eA Compendium on Urban Change and Activism 606 $aBerlin 606 $aUrban Studies 606 $aUrban Planning and Development 606 $aArchitecture 606 $aUrbanity 606 $aUrban Planning 606 $aSocial Geography 606 $aSociology 615 4$aBerlin 615 4$aUrban Studies 615 4$aUrban Planning and Development 615 4$aArchitecture 615 4$aUrbanity 615 4$aUrban Planning 615 4$aSocial Geography 615 4$aSociology 676 $a300 702 $aBernt$b Matthias$p
Matthias Bernt, Leibniz-Institut für Raumbezogene Sozialforschung (IRS) Erkner e.V., Deutschland
$4edt 702 $aGrell$b Britta$pBritta Grell, INURA (International Network for Urban Research and Action), Deutschland
$4edt 702 $aHolm$b Andrej$pAndrej Holm, Humboldt Universität Berlin, Deutschland
$4edt 712 02$aKnowledge Unlatched - KU Select 2018: Backlist Collection$4fnd$4http://id.loc.gov/vocabulary/relators/fnd 801 0$bMiAaPQ 801 1$bMiAaPQ 801 2$bMiAaPQ 906 $aBOOK 912 $a9910315233503321 996 $aThe Berlin Reader$92224209 997 $aUNINA